Podpora podnikateľských paradigiem vo vyučovacom procese na stredných odborných školách ekonomického zamerania ročná správa o riešení projektu KEGA č. 3/6027/08
Salvato in:
| Autore principale: | |
|---|---|
| Ente Autore: | |
| Natura: | Libro |
| Lingua: | slovacco |
| Pubblicazione: |
Bratislava
2009
|
| Soggetti: | |
| Tags: |
Nessun Tag, puoi essere il primo ad aggiungerne!!
|
MARC
| LEADER | 00000nam a2200000 4500 | ||
|---|---|---|---|
| 001 | 0119788 | ||
| 005 | 20240603082104.8 | ||
| 041 | 0 | |a slo | |
| 044 | |a SK | ||
| 245 | 1 | 0 | |a Podpora podnikateľských paradigiem vo vyučovacom procese na stredných odborných školách ekonomického zamerania |b ročná správa o riešení projektu KEGA č. 3/6027/08 |c vedúca projektu Ľudmila Velichová |
| 264 | 1 | |a Bratislava |c 2009 | |
| 300 | |a 13 s. | ||
| 610 | 2 | 0 | |a vyučovanie |
| 610 | 2 | 0 | |a školy stredné odborné |
| 610 | 2 | 0 | |a podnikanie |
| 610 | 2 | 0 | |a firmy cvičné |
| 100 | 1 | |a Velichová, Ľudmila | |
| 710 | 2 | |a Národohospodárska fakulta EU. Katedra pedagogiky | |